<?xml version="1.0" encoding="UTF-8"?>
<record
    xmlns:xsi="http://www.w3.org/2001/XMLSchema-instance"
    xsi:schemaLocation="http://www.loc.gov/MARC21/slim http://www.loc.gov/standards/marcxml/schema/MARC21slim.xsd"
    xmlns="http://www.loc.gov/MARC21/slim">

  <leader>03683cam a2200325 i 4500</leader>
  <controlfield tag="001">991107285427906196</controlfield>
  <controlfield tag="005">20250320164417.0</controlfield>
  <controlfield tag="008">230701t20232023fr a     b    000 1 fre  </controlfield>
  <datafield tag="010" ind1=" " ind2=" ">
    <subfield code="a">  2023431889</subfield>
  </datafield>
  <datafield tag="020" ind1=" " ind2=" ">
    <subfield code="a">9782818058268</subfield>
    <subfield code="q">(paperback)</subfield>
  </datafield>
  <datafield tag="029" ind1="1" ind2=" ">
    <subfield code="a">AU@</subfield>
    <subfield code="b">000075210506</subfield>
  </datafield>
  <datafield tag="035" ind1=" " ind2=" ">
    <subfield code="a">(OCoLC)1395539313</subfield>
  </datafield>
  <datafield tag="035" ind1=" " ind2=" ">
    <subfield code="a">(OCoLC)on1395539313</subfield>
  </datafield>
  <datafield tag="040" ind1=" " ind2=" ">
    <subfield code="a">DLC</subfield>
    <subfield code="b">eng</subfield>
    <subfield code="e">rda</subfield>
    <subfield code="c">DLC</subfield>
    <subfield code="d">TOH</subfield>
    <subfield code="d">AUXAM</subfield>
    <subfield code="d">QGK</subfield>
    <subfield code="d">QGJ</subfield>
    <subfield code="d">C3L</subfield>
    <subfield code="d">ERASP</subfield>
    <subfield code="d">FUG</subfield>
    <subfield code="d">EEM</subfield>
    <subfield code="d">IAD</subfield>
    <subfield code="d">EYM</subfield>
    <subfield code="d">CUS</subfield>
    <subfield code="d">WTV</subfield>
    <subfield code="d">OCLCF</subfield>
    <subfield code="d">TJC</subfield>
    <subfield code="d">OCLCO</subfield>
  </datafield>
  <datafield tag="042" ind1=" " ind2=" ">
    <subfield code="a">pcc</subfield>
  </datafield>
  <datafield tag="050" ind1="0" ind2="0">
    <subfield code="a">PQ2719.I56</subfield>
    <subfield code="b">T75 2023</subfield>
  </datafield>
  <datafield tag="100" ind1=" " ind2=" ">
    <subfield code="a">Sinno, Neige,</subfield>
    <subfield code="d">1977-</subfield>
    <subfield code="e">author.</subfield>
    <subfield code="4">aut</subfield>
  </datafield>
  <datafield tag="245" ind1="1" ind2="0">
    <subfield code="a">Triste tigre </subfield>
    <subfield code="c">/ Neige Sinno.</subfield>
  </datafield>
  <datafield tag="264" ind1=" " ind2="1">
    <subfield code="a">Paris :</subfield>
    <subfield code="b">P.O.L,</subfield>
    <subfield code="c">[2023]</subfield>
  </datafield>
  <datafield tag="300" ind1=" " ind2=" ">
    <subfield code="a">283 pages, 1 unnumbered page :</subfield>
    <subfield code="b">illustrations ;</subfield>
    <subfield code="c">21 cm</subfield>
  </datafield>
  <datafield tag="504" ind1=" " ind2=" ">
    <subfield code="a">Includes bibliographical references (pages 279-282).</subfield>
  </datafield>
  <datafield tag="520" ind1=" " ind2=" ">
    <subfield code="a">&#x200B;"Triste Tigre" est un roman autobiographique de Neige Sinno, publi&#xE9; en 2023 aux &#xC9;ditions P.O.L. Dans ce r&#xE9;cit, l'auteure revient sur les viols r&#xE9;p&#xE9;t&#xE9;s que son beau-p&#xE8;re lui a fait subir durant son enfance, de l'&#xE2;ge de 7 &#xE0; 14 ans. Le livre est &#xE9;galement une r&#xE9;flexion approfondie sur la nature du mal et sur la capacit&#xE9; de la litt&#xE9;rature &#xE0; exprimer l'indicible. &#x200B;

Neige Sinno analyse ces &#xE9;v&#xE9;nements traumatisants en adoptant diff&#xE9;rents points de vue, y compris celui de son agresseur, et en interrogeant la repr&#xE9;sentation du viol dans la litt&#xE9;rature. Elle engage une relecture critique d'&#x153;uvres telles que "Lolita" de Vladimir Nabokov, ainsi que des textes de Virginia Woolf, Toni Morrison, Christine Angot et Virginie Despentes. &#x200B;


Le titre "Triste Tigre" fait r&#xE9;f&#xE9;rence au roman "Trois tristes tigres" de Guillermo Cabrera Infante, &#xE9;voquant l'exil et la marginalisation, th&#xE8;mes qui r&#xE9;sonnent avec l'exp&#xE9;rience de l'auteure. &#x200B;

Ce livre a &#xE9;t&#xE9; largement salu&#xE9; par la critique et a re&#xE7;u plusieurs distinctions, dont le prix Femina, le prix Goncourt des lyc&#xE9;ens et le prix litt&#xE9;raire du Monde en 2023. &#x200B;


En septembre 2024, "Triste Tigre" a &#xE9;t&#xE9; publi&#xE9; en Espagne par les &#xE9;ditions Anagrama, suscitant un vif int&#xE9;r&#xEA;t pour sa repr&#xE9;sentation brute et honn&#xEA;te de l'abus infantile. &#x200B;
</subfield>
  </datafield>
  <datafield tag="520" ind1=" " ind2=" ">
    <subfield code="a">Triste Tigre is an autobiographical novel by Neige Sinno, published in 2023 by &#xC9;ditions P.O.L. In this account, the author revisits the repeated sexual abuse inflicted on her by her stepfather during her childhood, from the age of 7 to 14. The book is also an in-depth reflection on the nature of evil and the ability of literature to express the unspeakable.  

Neige Sinno analyses these traumatic events by adopting different perspectives, including that of her aggressor, and by questioning the representation of rape in literature. She critically re-examines works such as Lolita by Vladimir Nabokov, as well as texts by Virginia Woolf, Toni Morrison, Christine Angot, and Virginie Despentes.  

The title Triste Tigre refers to the novel *Tres tristes tigres* by Guillermo Cabrera Infante, evoking exile and marginalisation&#x2014;themes that resonate with the author's experience.  

This book has been widely praised by critics and has received several accolades, including the Prix Femina, the Prix Goncourt des Lyc&#xE9;ens, and the *Prix litt&#xE9;raire du Monde* in 2023.  

In September 2024, Triste Tigre was published in Spain by Anagrama, generating strong interest for its raw and honest portrayal of child abuse.</subfield>
  </datafield>
  <datafield tag="600" ind1=" " ind2="0">
    <subfield code="a">Sinno, Neige,</subfield>
    <subfield code="d">1977-</subfield>
  </datafield>
  <datafield tag="650" ind1=" " ind2="0">
    <subfield code="a">Rape victims</subfield>
    <subfield code="v">Fiction.</subfield>
  </datafield>
  <datafield tag="650" ind1=" " ind2="0">
    <subfield code="a">Authors, French</subfield>
    <subfield code="y">20th century</subfield>
    <subfield code="v">Biography</subfield>
    <subfield code="9">23671</subfield>
  </datafield>
  <datafield tag="655" ind1=" " ind2="0">
    <subfield code="a">Autobiographical fiction</subfield>
    <subfield code="9">23158</subfield>
  </datafield>
  <datafield tag="942" ind1=" " ind2=" ">
    <subfield code="2">lcc</subfield>
  </datafield>
  <datafield tag="949" ind1=" " ind2=" ">
    <subfield code="a">PQ2719.I66 Z46 2023Y</subfield>
    <subfield code="c">1</subfield>
    <subfield code="i">31761112014907</subfield>
    <subfield code="m">ROBARTS</subfield>
    <subfield code="l">STACKS</subfield>
    <subfield code="t">BOOK</subfield>
  </datafield>
  <datafield tag="952" ind1=" " ind2=" ">
    <subfield code="0">0</subfield>
    <subfield code="1">0</subfield>
    <subfield code="2">lcc</subfield>
    <subfield code="4">0</subfield>
    <subfield code="7">0</subfield>
    <subfield code="a">TBS</subfield>
    <subfield code="b">TBS</subfield>
    <subfield code="d">2025-03-20</subfield>
    <subfield code="l">1</subfield>
    <subfield code="o">P-FR SIN</subfield>
    <subfield code="p">B07666</subfield>
    <subfield code="r">2026-01-07</subfield>
    <subfield code="s">2025-11-21</subfield>
    <subfield code="t">1</subfield>
    <subfield code="w">2025-03-20</subfield>
    <subfield code="y">1</subfield>
  </datafield>
  <datafield tag="999" ind1=" " ind2=" ">
    <subfield code="c">4547</subfield>
    <subfield code="d">4547</subfield>
  </datafield>
</record>
